000 00566nam a2200181 i 4500
001 110423
003 ES-MaACL
005 20230906185041.0
007 t|
008 061121s1915 sp f |||| | spa d
080 _a739.4(460)(091)
100 1 _aOrduña Viguera, Emilio.
_987214
245 1 0 _aRejeros españoles
_b: (ensayo artístico- arqueológico) /
_cEmilio Orduña Viguera.
260 _aMadrid :
_b[s.n.],
_c1915 (
_fImp. de San Francisco de Sales)
300 _a95 p., lám. ;
_c32 cm.
650 4 _aRejas-
_zEspaña.
_9158215
852 _aES-MaACL
_jF-481
999 _c110423
_d110423